Careers in media / (Record no. 35790)

MARC details
000 -LEADER
fixed length control field 01251cam a22002894a 4500
001 - CONTROL NUMBER
control field 15618145
005 - DATE AND TIME OF LATEST TRANSACTION
control field 20090813143357.0
008 - FIXED-LENGTH DATA ELEMENTS--GENERAL INFORMATION
fixed length control field 090209s2010 mau 000 0 eng
010 ## - LIBRARY OF CONGRESS CONTROL NUMBER
LC control number 2009004630
020 ## - INTERNATIONAL STANDARD BOOK NUMBER
International Standard Book Number 9780205723812
020 ## - INTERNATIONAL STANDARD BOOK NUMBER
International Standard Book Number 0205723810
040 ## - CATALOGING SOURCE
Original cataloging agency DLC
Transcribing agency DLC
Modifying agency DLC
050 00 - LIBRARY OF CONGRESS CALL NUMBER
Classification number P91.6
Item number .S28 2010
100 1# - MAIN ENTRY--PERSONAL NAME
Personal name Savoie, Mike.
245 10 - TITLE STATEMENT
Title Careers in media /
Statement of responsibility, etc Mike Savoie , Frank Barnas
250 ## - EDITION STATEMENT
Edition statement 2nd ed.
260 ## - PUBLICATION, DISTRIBUTION, ETC. (IMPRINT)
Place of publication, distribution, etc Boston :
Name of publisher, distributor, etc Allyn & Bacon,
Date of publication, distribution, etc c2010.
300 ## - PHYSICAL DESCRIPTION
Extent vii, 155 p. ;
Dimensions 28 cm.
650 #0 - SUBJECT ADDED ENTRY--TOPICAL TERM
Topical term or geographic name as entry element Mass media
General subdivision Vocational guidance.
650 #0 - SUBJECT ADDED ENTRY--TOPICAL TERM
Topical term or geographic name as entry element Communication
General subdivision Vocational guidance.
700 1# - ADDED ENTRY--PERSONAL NAME
Personal name Barnas, Frank.
906 ## - LOCAL DATA ELEMENT F, LDF (RLIN)
a 7
b cbc
c orignew
d 1
e ecip
f 20
g y-gencatlg
942 ## - ADDED ENTRY ELEMENTS (KOHA)
Source of classification or shelving scheme Library of Congress Classification
Item type Book
Holdings
Withdrawn status Lost status Source of classification or shelving scheme Damaged status Not for loan Collection code Home library Current library Shelving location Date acquired Source of acquisition Total Checkouts Total Renewals Full call number Barcode Date last borrowed Copy number Price effective from Koha item type
    Library of Congress Classification     Non-fiction Bishop Okullu Memorial Library (Limuru Campus) Bishop Okullu Memorial Library (Limuru Campus) General Circulation 06/11/2009 Purchase 5 1 P91.6 .S28 2010 012958 22/02/2023 1 06/11/2009 Book
    Library of Congress Classification     Non-fiction Bishop Okullu Memorial Library (Limuru Campus) Bishop Okullu Memorial Library (Limuru Campus) General Circulation 06/11/2009 Purchase 4   P91.6 .S28 2010 012959 29/01/2013 2 06/11/2009 Book